[Event "AUTO-OPEN-3455"]
[Site "http://www.queenalice.com/game.php?id=1349279"]
[Date "2015.3.23"]
[Round "1"]
[White "Leovitor"]
[Black "trotsky"]
[Result "0-1"]
[WhiteElo "2019"]
[BlackElo "2351"]

1. e4 c5 2. Nf3 d6 3. d4 cxd4 4. Nxd4 Nf6 5. Nc3 a6 6. h3 b5 7. a4 b4 8. Nd5
Nxe4 9. Bc4 e6 10. Nxb4 d5 0-1

[Event "AUTO-OPEN-3455"]
[Site "http://www.queenalice.com/game.php?id=1349280"]
[Date "2015.3.23"]
[Round "1"]
[White "trotsky"]
[Black "Leovitor"]
[Result "1-0"]
[WhiteElo "2332"]
[BlackElo "1757"]

1. e4 c6 2. d4 d5 3. Nd2 dxe4 4. Nxe4 Bf5 5. Ng3 Bg6 6. h4 h6 7. Nf3 Bh7 8. Bd3
Bxd3 9. Qxd3 Nd7 10. Bf4 Ngf6 11. c4 e6 12. O-O-O Be7 13. Ne5 Nxe5 14. dxe5 Qxd3
15. Rxd3 Nd7 16. Rhd1 Nc5 17. R3d2 Bxh4 18. Rd4 Be7 19. b4 Na4 20. c5 O-O 21.
Rd7 Bh4 22. Rxb7 Nc3 23. Rd2 Nd5 24. Rxd5 cxd5 25. Kc2 Rab8 26. Rxb8 Rxb8 27.
Kc3 1-0

[Event "AUTO-OPEN-3455"]
[Site "http://www.queenalice.com/game.php?id=1349299"]
[Date "2015.3.23"]
[Round "1"]
[White "trotsky"]
[Black "phystutordotcom"]
[Result "1-0"]
[WhiteElo "2366"]
[BlackElo "1901"]

1. e4 d6 2. d4 Nf6 3. Bd3 e5 4. c3 Nbd7 5. Ne2 Be7 6. O-O O-O 7. f4 c5 8. Nd2
cxd4 9. cxd4 exd4 10. Nb3 Nc5 11. Nexd4 Nfxe4 12. Be3 1-0

[Event "AUTO-ELITE-1469"]
[Site "http://www.queenalice.com/game.php?id=1349362"]
[Date "2015.3.23"]
[Round "1"]
[White "trotsky"]
[Black "rsgaspar"]
[Result "0-1"]
[WhiteElo "2338"]
[BlackElo "2408"]

1. e4 c5 2. Nf3 Nc6 3. d4 cxd4 4. Nxd4 e5 5. Nb5 d6 6. N1c3 a6 7. Na3 Nf6 8. Bg5
Be7 9. Nc4 O-O 10. Bxf6 Bxf6 11. Qxd6 Be6 12. O-O-O Qxd6 13. Nxd6 Rad8 14. Nxb7
Bg5+ 15. Kb1 Rxd1+ 16. Nxd1 Be7 17. c3 Bc8 18. Bxa6 Nb8 19. Bc4 Bxb7 20. f3 Nd7
21. Ne3 Nb6 22. Bd5 Ba6 23. Kc2 Bg5 24. Ng4 Nxd5 25. exd5 Rd8 26. Rd1 e4 27.
fxe4 Be2 28. Re1 Bxg4 29. c4 Ra8 30. a3 Kf8 31. c5 Ra5 32. c6 Ke7 33. b4 Rxa3
34. e5 Bf5+ 35. Kb2 Rd3 36. d6+ Ke6 37. b5 Rd5 38. Kb3 Rxb5+ 39. Kc4 Rxe5 40. c7
Kxd6 0-1

[Event "AUTO-ELITE-1469"]
[Site "http://www.queenalice.com/game.php?id=1349363"]
[Date "2015.3.23"]
[Round "1"]
[White "rsgaspar"]
[Black "trotsky"]
[Result "1-0"]
[WhiteElo "2376"]
[BlackElo "2349"]

1. d4 d5 2. c4 c6 3. e3 Nf6 4. Nf3 Bg4 5. Nc3 e6 6. Bd3 Nbd7 7. h3 Bh5 8. O-O
Be7 9. b3 O-O 10. Bb2 e5 11. Be2 Bxf3 12. Bxf3 e4 13. Be2 Nb6 14. Qc2 Rc8 15. a3
a5 16. Rac1 a4 17. Nxa4 Nxa4 18. bxa4 Qd7 19. cxd5 cxd5 20. Qb3 Rxc1 21. Rxc1
Rc8 22. Rxc8+ Qxc8 23. Qb5 h6 24. Bd1 Bd6 25. Bb3 Kh7 26. Bxd5 Qc2 27. Bc4 g6
28. Bf1 Nh5 29. Qxb7 Kg8 30. a5 Bh2+ 31. Kxh2 Qxf2 32. Qb8+ Kh7 33. d5 f6 34. a6
1-0

[Event "AUTO-MASTER-2254"]
[Site "http://www.queenalice.com/game.php?id=1357387"]
[Date "2015.5.4"]
[Round "2"]
[White "trotsky"]
[Black "Lightbug"]
[Result "1-0"]
[WhiteElo "2328"]
[BlackElo "2011"]

1. e4 e6 2. d4 d5 3. Nc3 Bb4 4. Qg4 Nf6 5. Qxg7 Rg8 6. Qh6 Bxc3+ 7. bxc3 dxe4 8.
f3 exf3 9. Nxf3 Nbd7 10. Bd3 Nf8 11. O-O Bd7 12. Ne5 Nd5 13. Rxf7 Bc6 14. Rxf8+
Rxf8 15. Qh5+ Ke7 16. Qxh7+ Kd6 17. Nc4# 1-0

[Event "AUTO-MASTER-2254"]
[Site "http://www.queenalice.com/game.php?id=1357388"]
[Date "2015.5.4"]
[Round "2"]
[White "Lightbug"]
[Black "trotsky"]
[Result "0-1"]
[WhiteElo "2008"]
[BlackElo "2330"]

1. d4 d5 2. c4 c6 3. Nf3 Nf6 4. e3 Bg4 5. Nc3 e6 6. cxd5 exd5 7. Be2 Nbd7 8. O-O
Bd6 9. h3 Bh5 10. Nh2 Bxe2 11. Qxe2 O-O 12. Ng4 Re8 13. Nxf6+ Nxf6 14. Qf3 Ne4
15. Nxe4 Rxe4 16. Bd2 Qh4 17. Rac1 Rae8 18. Qd1 R4e6 19. Be1 Rg6 20. Kh1 Qe4 21.
Rg1 Rh6 22. Qf3 Qxf3 0-1

[Event "AUTO-MASTER-2254"]
[Site "http://www.queenalice.com/game.php?id=1357389"]
[Date "2015.5.4"]
[Round "2"]
[White "trotsky"]
[Black "LAIRE"]
[Result "0-1"]
[WhiteElo "2333"]
[BlackElo "2241"]

1. e4 e6 2. d4 d5 3. Nd2 Nf6 4. e5 Nfd7 5. Qg4 c5 6. c3 Nc6 7. Ngf3 cxd4 8. cxd4
h5 9. Qf4 Be7 10. Qg3 g6 11. Bd3 Nf8 12. h4 Bd7 13. Nb3 Nb4 14. Ng5 Nxd3+ 15.
Qxd3 Nh7 16. f4 Qb6 17. Bd2 Rc8 18. Kf2 Bb5 19. Qf3 f6 20. Nxh7 Rxh7 21. g4 Rc2
22. Rac1 Rxb2 23. f5 gxf5 24. gxf5 fxe5 25. Rhg1 Rxd2+ 26. Nxd2 Qxd4+ 27. Ke1
Qxg1+ 0-1

[Event "AUTO-MASTER-2254"]
[Site "http://www.queenalice.com/game.php?id=1357390"]
[Date "2015.5.4"]
[Round "2"]
[White "LAIRE"]
[Black "trotsky"]
[Result "1-0"]
[WhiteElo "2257"]
[BlackElo "2108"]

1. d4 d5 2. c4 c6 3. Nf3 Nf6 4. cxd5 cxd5 5. Nc3 Nc6 6. Bf4 Qb6 7. Na4 Qb4+ 8.
Bd2 Qd6 9. g3 Ne4 10. Bg2 e5 11. dxe5 Nxe5 12. O-O Bd7 13. Bf4 Nxf3+ 14. exf3
Qb4 15. fxe4 Bxa4 16. Qxd5 Rd8 17. Qe5+ Qe7 18. b3 Bc6 19. Rad1 Qxe5 20. Rxd8+
Kxd8 21. Bxe5 f6 22. Rd1+ Ke8 23. Bc7 Be7 24. e5 Bxg2 25. Kxg2 Kf7 26. exf6 Bxf6
27. Bf4 Ke6 28. Rc1 Bd8 29. Be3 1-0